000 00727nam a2200229 i 4500
001 bg
003 KOSZ 005
005 20200425170958.0
008 950704s1970 pl f |000 0 pol d
040 _cKOSZ 005/HR
_aKOSZ 005/HR
_dKOSZ 005/HR
041 _apol
080 _a002
100 1 _aSaniszewski Zdzisław
_d(1925-2002).
245 0 _aKartoteki informacyjne /
_cZdzisław Staniszewski, Barbara Wdowczyk.
260 _aWarszawa,
_c1970.
650 4 _aInformacja naukowa
655 4 _aPodręcznik
650 4 _aKartoteka
700 1 _aWdowczyk, Barbara
_eAutor
856 _uhttp://koha.tu.koszalin.pl/cgi-bin/koha/opac-detail.pl?biblionumber=7238
_yKatalog online BPK
942 _cKS
_2UKD
999 _c7238
_d7238